000 00451nam a2200181Ia 4500
001 10801
005 20260306161859.0
008 260306t2005||||xx |||||||||||||| ||spa||
041 _aESP
082 _a968
_bJ67
100 _aJohnson, R. W.
_eAUT
245 0 _aHistoria de Sudáfrica:
_bel primer hombre, la última nación
260 _c2005
300 _a421 páginas :
_c20 cm.
650 _aGEN
654 _aCHU
942 _cLIB
_dJUS
_fJUS
_2ddc
_n
999 _c10801
_d10801